| 000 | 00784cam a2200241 a 4500 | ||
|---|---|---|---|
| 001 | 479711 | ||
| 005 | 20250122114021.0 | ||
| 008 | 840828s1984 nyu b 001 0 eng | ||
| 020 | _a9780422787109 | ||
| 020 | _a0422787108 (pbk.) | ||
| 050 | 0 | 0 |
_aR733 _b.A48 1984 |
| 082 | 0 | 0 |
_a615.5 _219 |
| 245 | 0 | 0 |
_aAlternative medicines, popular and policy perspectives / _cedited by J. Warren Salmon. |
| 260 |
_aNew York : _bTavistock Publications, _c1984. |
||
| 300 |
_ax, 302 p. ; _c23 cm. |
||
| 440 | 0 | _aContemporary issues in health, medicine, and social policy | |
| 650 | 0 | _aAlternative medicine. | |
| 650 | 0 |
_aAlternative medicine _xSocial aspects. |
|
| 650 | 0 | _aHolistic medicine. | |
| 650 | 2 | _aHolistic Health. | |
| 700 | 1 |
_aSalmon, J. Warren _q(Jack Warren) |
|
| 942 |
_2lcc _cBK _n0 |
||
| 999 |
_c2777 _d2777 |
||